|
|
|
|
| LEADER |
00931nam a22002415a 4500 |
| 001 |
27913 |
| 003 |
BD-DhAAL |
| 005 |
20151016020002.0 |
| 008 |
140310s2012 si ab b 000 0 eng |
| 010 |
|
|
|a 2012330431
|
| 020 |
|
|
|a 9789810701161
|
| 040 |
|
|
|a DLC
|c DLC
|d BD-DhAAL
|
| 082 |
|
|
|2 22
|a 720.0954
|
| 100 |
1 |
|
|a Kishnani, Nirmal,
|d 1962-
|9 3969
|
| 245 |
1 |
0 |
|a Greening Asia :
|b emerging principles for sustainable architecture /
|c Nirmal Kishnani.
|
| 260 |
|
|
|a Singapore :
|b BCI Asia,
|c c2012.
|
| 300 |
|
|
|a 334 p. :
|b ill. (some col.), maps ;
|c 25 cm.
|
| 504 |
|
|
|a Includes bibliographical references (p. 322-325).
|
| 541 |
|
|
|e 27913
|
| 650 |
|
0 |
|a Sustainable architecture
|z Asia.
|9 3970
|
| 942 |
|
|
|2 ddc
|c BK
|0 1
|
| 999 |
|
|
|c 14204
|d 14204
|
| 952 |
|
|
|0 0
|1 0
|2 ddc
|4 0
|6 720_095400000000000_KIS
|7 0
|9 23960
|a BRACUL
|b BRACUL
|c GEN
|d 2014-03-10
|e Pro-VC of BRAC University
|g 477.00
|l 6
|m 68
|o 720.0954 KIS
|p 3010027913
|r 2021-12-23
|s 2021-12-15
|t 1
|w 2014-03-10
|y BK
|